| 000 | 00605cam a2200229 4500 | ||
|---|---|---|---|
| 001 | 1262710 | ||
| 005 | 20180130053540.0 | ||
| 008 | 740805t19751974nyu b 001 0 eng | ||
| 010 | _a 74078304 | ||
| 020 | _a0465067786 | ||
| 040 |
_aDLC _cDLC _dDLC |
||
| 041 | _aeng | ||
| 043 | _ad------ | ||
| 080 | _a309.2 | ||
| 082 | 0 | 0 | _a309.2 BER |
| 100 | 1 | _a19 | |
| 101 | _aSHP | ||
| 245 | 1 | 0 |
_aPyramids of sacrifice: political ethics and social change _c[by] Peter L. Berger. |
| 504 | _aIncludes bibliographical references. | ||
| 906 |
_a7 _bcbc _corignew _d1 _eopcn _f19 _gy-gencatlg |
||
| 942 |
_2ddc _cBK |
||
| 999 |
_c41273 _d41273 |
||